Taking Berlin : the bloody race to defeat the ... Read More
Available copies
- 1 of 1 copy available at LARL/NWRL Consortium.
- 1 of 1 copy available at Northwest Regional Library. (Show)
Current holds
0 current holds with 1 total copy.
Show Only Available Copies
| Location | Call Number / Copy Notes | Barcode | Shelving Location | Status | Due Date |
|---|---|---|---|---|---|
| Thief River Falls Public Library | 940.5421 DUG (Text) | 35500006623555 | Main | Available | - |
Record details
- ISBN: 9780593187425
- ISBN: 0593187423
- Physical Description: xi, 332 pages, [8] pages of plates : ... Read More
- Publisher: New York : Dutton Caliber, an imprint of Penguin Random House LLC, [2022]
Content descriptions
| Bibliography, etc. Note: | Includes bibliographical references and index. |
| Summary, etc.: | "A nonfiction thriller about the race between the ... Read More |
Search for related items by subject
| Subject: | World War, 1939-1945 > Campaigns > Europe. World War, 1939-1945 > Campaigns > Germany > Berlin. World War, 1939-1945 > Biography > Anecdotes. |
| Genre: | Nonfiction novels. Anecdotes. Biographies. |
| LDR | 01745cam a2200409Ii 4500 | ||
|---|---|---|---|
| 001 | 400575 | ||
| 003 | LARL_NWRL_CONSORTIUM | ||
| 005 | 20221117164750.0 | ||
| 008 | 221012s2022 nyuabf e b 001 0deng | ||
| 010 | . | ‡a 2022017499 | |
| 040 | . | ‡aDLC ‡beng ‡erda ‡cPNX ‡dPNX ‡dIK2 ‡dWIM ‡dZAE ‡dRNL ‡dVP@ | |
| 020 | . | ‡a9780593187425 ‡q(hardcover) | |
| 020 | . | ‡a0593187423 ‡q(hardcover) | |
| 035 | . | ‡a(OCoLC)1347277278 | |
| 043 | . | ‡ae------ ‡ae-gx--- | |
| 082 | 0 | 0. | ‡a940.54/21 ‡223/eng/20220429 |
| 082 | 0 | 4. | ‡a940.5421/3155 ‡223 |
| 100 | 1 | . | ‡aDugard, Martin, ‡eauthor. ‡0(LARL_NWRL_CONSORTIUM)140263 |
| 245 | 1 | 0. | ‡aTaking Berlin : ‡bthe bloody race to defeat the Third Reich / ‡cMartin Dugard. |
| 246 | 3 | 0. | ‡aBloody race to defeat the Third Reich |
| 264 | 1. | ‡aNew York : ‡bDutton Caliber, an imprint of Penguin Random House LLC, ‡c[2022] | |
| 300 | . | ‡axi, 332 pages, [8] pages of plates : ‡billustrations, maps ; ‡c24 cm. | |
| 336 | . | ‡atext ‡btxt ‡2rdacontent | |
| 337 | . | ‡aunmediated ‡bn ‡2rdamedia | |
| 338 | . | ‡avolume ‡bnc ‡2rdacarrier | |
| 504 | . | ‡aIncludes bibliographical references and index. | |
| 520 | . | ‡a"A nonfiction thriller about the race between the Allies and Soviets to conquer the heart of Nazi Germany"-- ‡cProvided by publisher. | |
| 650 | 0. | ‡aWorld War, 1939-1945 ‡xCampaigns ‡zEurope. ‡0(LARL_NWRL_CONSORTIUM)168141 | |
| 650 | 0. | ‡aWorld War, 1939-1945 ‡xCampaigns ‡zGermany ‡zBerlin. | |
| 650 | 0. | ‡aWorld War, 1939-1945 ‡vBiography ‡vAnecdotes. | |
| 655 | 7. | ‡aNonfiction novels. ‡2lcgft | |
| 655 | 7. | ‡aAnecdotes. ‡2lcgft | |
| 655 | 7. | ‡aBiographies. ‡2lcgft | |
| 776 | 0 | 8. | ‡iOnline version: ‡aDugard, Martin. ‡tTaking Berlin ‡dNew York : Dutton Caliber, an imprint of Penguin Random House LLC, [2022] ‡z9780593187432 ‡w(DLC) 2022017500 |
| 901 | . | ‡a400575 ‡bOCoLC ‡c400575 ‡tbiblio ‡soclc | |

Add to basket
Permalink
Disable Highlighting